Zhodnotenie nakladania s odpadmi z liekov

Uložené v:
Podrobná bibliografia
Hlavný autor: Markušová, Natália (Autor)
Ďalší autori: Soldán, Maroš (Vedúci práce)
Médium: Rukopis Kniha
Jazyk:Slovak
Vydavateľské údaje: 2025
Predmet:
On-line prístup:http://is.stuba.sk/zp/portal_zp.pl?podrobnosti=183736
Tagy: Pridať tag
Žiadne tagy, Buďte prvý, kto otaguje tento záznam!

MARC

LEADER 00000ntm a22000003a 4500
001 stuzp105529
003 SK-STU
005 20250614213915.3
007 ta
008 150427s2015----xo-----f-mn---000-0-slo-d
040 |a STU  |b slo 
041 0 |a slo 
100 1 |a Markušová, Natália  |u 065000  |4 aut  |U MTF Materiálovotechnologická fakulta  |T MTF Ústav integrovanej bezpečnosti  |X 127732  |U M5000  |Y 85  |7 127732 
242 0 1 |a Evaluation of the disposal of pharmaceutical waste  |y eng 
245 1 0 |a Zhodnotenie nakladania s odpadmi z liekov 
260 |c 2025 
650 4 |a impact of drugs on the field of environment  |2 eng 
650 4 |a pharmaceutical waste management  |2 eng 
650 4 |a drug waste  |2 eng 
650 4 |a analysis of drug consumption and amount of drug waste  |2 eng 
650 4 |a analýza spotreby liekov a množstva liekového odpadu  |2 slo 
650 4 |a vplyv liečiv na oblasti životného prostredia  |2 slo 
650 4 |a nakladanie s liekovým odpadom  |2 slo 
650 4 |a liekový odpad  |2 slo 
700 1 |a Soldán, Maroš  |u 065000  |k Z1  |4 ths  |U MTF Materiálovotechnologická fakulta  |T MTF Ústav integrovanej bezpečnosti  |X 2878  |U M5000  |Y 85  |7 A000002878 
856 4 |u http://is.stuba.sk/zp/portal_zp.pl?podrobnosti=183736 
996 |c M* DP-15603  |l MMSKP  |s P  |a 0  |w stuzp105529_0001